00818nas a2200229Ia 4500001002400000003001000024008004100034040002500075041001300100100001900113210001200132222001200144245002200156250001100178260000900189501012300198300001300321362003500334500017400369650003400543700001100577dg54-26500 [d000003031]IT-MiCISF161014c99999999xx |||||||||||| ||und|| aIT-MiCISFcIT-MiCISF aITALIANO aRocchi Sandra  aMo.V.I. aMo.V.I. 0aMinori e dintorni a1a ed. c1997 bCISF - Centro Internazionale Studi Famiglia - Via Giotto, 36 20145 MILANO (non commercial uses only)cCopyright 2016 app. 1-44 a n. 1-2, gennaio-aprile [1997] aGaruti I., Vernò€ F., San Bonifacio C., Assente M.F., Previde Massara S., Montanelli A. Tema: servizi-infanzia, bambini-a-rischio, famiglia-urbana, volontariato, scuola aservizi alla personavrivista aAA.VV.